| 000 | 00501nam a2200157 a 4500 | ||
|---|---|---|---|
| 001 | 000028297 | ||
| 005 | 20200930031522.0 | ||
| 008 | 090625s2000 dr 000 0 spa d | ||
| 040 |
_aDO-SdBNP _bspa _cBNPHU |
||
| 082 |
_axxx _bH557b |
||
| 100 | 1 |
_aHernández, Jesús _95470 |
|
| 245 | 1 | 0 |
_aBibliotheca Antillensis Salesiana (BAS) : _bmonólogo de su director / _cP. Jesús Hernández. |
| 260 |
_aSanto Domingo : _bEdiciones Librería La Trinitaria, _c2000. |
||
| 300 |
_a47 p. ; _c22 cm. |
||
| 049 | _aBNPD | ||
| 999 |
_c27789 _d27789 |
||